Normal view
MARC view
Entry Personal Name
001 - CONTROL NUMBER
- control field: 31161
003 - CONTROL NUMBER IDENTIFIER
- control field: OSt
005 - DATE AND TIME OF LATEST TRANSACTION
- control field: 20160112124523.0
008 - FIXED-LENGTH DATA ELEMENTS
- fixed length control field: 160112|| aca||aabn | a|a d
040 ## - CATALOGING SOURCE
- Original cataloging agency: OSt
- Transcribing agency: OSt
100 ## - HEADING--PERSONAL NAME
- Personal name: Jagirda, P J
670 ## - SOURCE DATA FOUND
- Source citation: Work cat.: (OSt)35869: Jagirda, P J, Srudies In The social Thought of M Ranade, 1963









